| 000 | 00711nam a2200181Ia 4500 | ||
|---|---|---|---|
| 008 | 151202s9999||||xx |||||||||||||| ||und|| | ||
| 082 | _bPNVM-80116 | ||
| 100 | _aओशो/अनु- चांदोरकर स्वाती. | ||
| 245 | _aमीरेची मधुशाला. | ||
| 260 | _b"मेहता पब्लिशींग हाऊस, पुणे." | ||
| 260 | _c2010 | ||
| 300 | _a160 | ||
| 600 | _aओशो/अनु- चांदोरकर स्वाती. | ||
| 630 | _aमीरेची मधुशाला. | ||
| 700 | _aओशो/अनु- चांदोरकर स्वाती. | ||
| 730 | _aमीरेची मधुशाला. | ||
| 942 | _cBOOK | ||
| 999 |
_c1344725 _d1344722 |
||